10 Words 20 Definitions IV Quiz Stats

 Plays Quiz Updated Jan 16, 2017

Challenge
Share
Tweet
Embed
Score 0/20 Timer 02:00
2 Plays Today
% Correct
Due
87.4%
Leave
87.3%
Well
87.1%
Fire
86.8%
Notice
86.1%
Fire
85.8%
Fore
83.3%
Leave
82.6%
Form
82.3%
Form
81.6%
% Correct
Due
80.6%
Fore
79.6%
Notice
79.1%
Charge
76.9%
Good
72.3%
Well
62.2%
Charge
58.7%
For
51.5%
Good
47.2%
For
35.6%

You're not logged in!

Compare scores with friends on all Sporcle quizzes.
Join for Free
OR
Log In

You Might Also Like...

Show Comments

Extras

Top Quizzes Today


Score Distribution

Your Account Isn't Verified!

In order to create a playlist on Sporcle, you need to verify the email address you used during registration. Go to your Sporcle Settings to finish the process.

Report this User

Report this user for behavior that violates our Community Guidelines.

Details: